000 00875cab a2200289 4500
001 WB3315-07
008 090401t1997 xxu||||| |||| 00| 0 eng d
035 _a(Sirsi) u77743
041 _aeng
245 _aWoodworm treatment problems
260 _c1997
350 _a0
490 _aIndependent on Sunday
_v13 April 1997, 9(1)
520 _aResearch in the United States identifies the combination of chemicals often used to treat timbers in British homes as likely to lead to health problems similar to Gulf War Syndrome.
650 _aCHEMICALS
650 _aDEET
650 _aDIELDRIN
650 _aDIETHYL TOLUAMIDE
650 _aGULF WAR SYNDROME
650 _aHEALTH HAZARDS
650 _aPERMETHRIN
650 _aTIMBER TREATMENT
650 _aWOODWORM
690 _aBUILT ENVIRONMENT-BUILDING STANDARDS
942 _n0
948 _c16/04/1997
999 _c48866
_d48866